Loading...
| Current Events | 1 | 20.00 | 100% | 100% | 0% |
| Fine Arts - Auditory Fine Arts | 5 | 18.00 | 100% | 40% | 40% |
| Fine Arts - Other Fine Arts | 10 | 15.00 | 70% | 80% | 0% |
| Fine Arts - Visual Fine Arts | 3 | 16.67 | 100% | 67% | 0% |
| Geography | 2 | 15.00 | 50% | 100% | 0% |
| History - American History | 5 | 22.00 | 80% | 60% | 80% |
| History - European History | 6 | 20.00 | 100% | 67% | 33% |
| History - Other History | 2 | 25.00 | 100% | 100% | 50% |
| History - World History | 3 | 23.33 | 100% | 100% | 33% |
| Literature - American Literature | 3 | 23.33 | 100% | 100% | 33% |
| Literature - British Literature | 7 | 24.29 | 100% | 86% | 57% |
| Literature - European Literature | 5 | 20.00 | 100% | 80% | 20% |
| Literature - World Literature | 7 | 22.86 | 100% | 100% | 29% |
| Mythology | 1 | 20.00 | 100% | 100% | 0% |
| Philosophy | 3 | 23.33 | 100% | 100% | 33% |
| Religion | 6 | 20.00 | 100% | 100% | 0% |
| Science - Biology | 8 | 15.00 | 100% | 50% | 0% |
| Science - Chemistry | 4 | 12.50 | 100% | 25% | 0% |
| Science - Other Science | 5 | 14.00 | 100% | 20% | 20% |
| Science - Physics | 2 | 20.00 | 100% | 50% | 50% |
| Social Science | 3 | 16.67 | 67% | 67% | 33% |